000 00563nam a22002177a 4500
005 20251108165322.0
008 250721s1999 xx 000 0 eng d
020 _a679985735
082 1 4 _aJ/F/KUL
100 1 _akulling, monica
_eAUTH.
245 1 4 _aThe Great Houdini /
264 1 _anew york :
_brandom house,
_c1999.
300 _a48 P.
490 0 _aSTEP INTO READING
_v4
650 1 7 _aFICTION
650 1 7 _aCHILDREN
650 1 7 _aLEARNING
653 _aاطفال مرحله متوسطه ( 6 - 9 سنوات )
942 _2ddc
_cBK
999 _c24985
_d24985